| 000 | 00517nam a22001812 4500 | ||
|---|---|---|---|
| 001 | 0000009431 | ||
| 005 | 20151217160120.0 | ||
| 008 | 081027s xx 000 0 eng d | ||
| 020 |
_a0333589130 : _cKES 221.25 |
||
| 040 |
_aKABU _cKABU |
||
| 100 | 1 |
_aConrad, Joseph. _@0000160889 |
|
| 245 | 1 | 0 |
_aLord Jim / _cJoseph Conrad; adapted by Colin Swatridge. |
| 260 |
_aLondon. : _bMacmillan Press, _c1993. |
||
| 300 | _a82 p. | ||
| 908 | _a081027 | ||
| 950 | _@1 | ||
| 999 |
_c14476 _d14476 |
||